00738nam a2200193 a 450000100100000000500170001000800410002704000250006808200150009310000320010824500590014025000120019926000370021130000210024849000380026983000450030795201750035299900170052700003463620200930073818.0111011s1874 sp 000 0 spa d aDO-SdBNPbspacBNPHU axxxbA697b1 aCastellanos, Juan de96006910aElegías de varones de indias /cJuan de Castellanos. a3a. ed. aMadrid :bM. Rivadeneyra,c1874. a567 p. ;c27 cm.1 aBiblioteca de autores españoles 0aBiblioteca de autores españoles960070 001050718RVaGRbGRcHDd2011-10-11iLF1l0oxxx A697bp34636-10r2020-06-25w2020-06-25y1zPerteneció a la biblioteca personal de Julio Ortega Frier.ZNo se presta c34127d34127